Normal view MARC view

Entry Nome pessoal

Number of records used in: 3

001 - NÚMERO DE CONTROLE

  • campo de controle: 745

003 - IDENTIFICADOR DO NÚMERO DE CONTROLE

  • campo de controle: Br

005 - DATA E HORÁRIO DA ÚLTIMA TRANSAÇÃO

  • campo de controle: 20250401115452.0

008 - CAMPO DE DADOS FIXOS

  • campo de controle de tamanho fixo: 090615|| acnacaban aaaa d

035 ## - NÚMERO DE CONTROLE DO SISTEMA

  • Número de Controle do Sistema: 2009061516392693med

040 ## - FONTE DA CATALOGAÇÃO

  • Instituição da catalogação original: blrjbn
  • Instituição que transcreveu o registro: blrjbn

100 1# - CABEÇALHO--NOME PESSOAL

  • Nome pessoal: Riordan, Rick,
  • Datas associadas ao nome: 1964-

670 ## - FONTE POSITIVA DOS DADOS

  • Citação da fonte positiva dos dados: Autor de: O ladrão de raios. 2008
  • Dados encontrados na fonte localizada no subcampo: (orelha: nasceu em 1964, em San Antonio, Texas)

670 ## - FONTE POSITIVA DOS DADOS

  • Citação da fonte positiva dos dados: http://authorities.loc.gov 4/11/2015
  • Dados encontrados na fonte localizada no subcampo: (d.n.)

670 ## - FONTE POSITIVA DOS DADOS

  • Citação da fonte positiva dos dados: http://viaf.org/processed/BNF%7C15554874
  • Dados encontrados na fonte localizada no subcampo: (d.n.)

670 ## - FONTE POSITIVA DOS DADOS

  • Citação da fonte positiva dos dados: http://viaf.org/processed/PTBNP%7C1453509
  • Dados encontrados na fonte localizada no subcampo: (Professor de Inglês e História. Escritor; d.n.)

670 ## - FONTE POSITIVA DOS DADOS

  • Citação da fonte positiva dos dados: http://viaf.org/processed/WKP%7CQ212727
  • Dados encontrados na fonte localizada no subcampo: (Rick Riordan - escritor americano)

Powered by Koha